Practical channel hydraulics : (Record no. 531719)
[ view plain ]
| 000 -LEADER | |
|---|---|
| fixed length control field | 01565cam a2200349 a 4500 |
| 001 - CONTROL NUMBER | |
| control field | 15821600 |
| 003 - CONTROL NUMBER IDENTIFIER | |
| control field | NUST |
| 005 - DATE AND TIME OF LATEST TRANSACTION | |
| control field | 20191024111604.0 |
| 008 - FIXED-LENGTH DATA ELEMENTS--GENERAL INFORMATION | |
| fixed length control field | 090717s2010 fluab b 001 0 eng |
| 010 ## - LIBRARY OF CONGRESS CONTROL NUMBER | |
| LC control number | 2009026759 |
| 015 ## - NATIONAL BIBLIOGRAPHY NUMBER | |
| National bibliography number | GBA976519 |
| Source | bnb |
| 016 7# - NATIONAL BIBLIOGRAPHIC AGENCY CONTROL NUMBER | |
| Record control number | 015341466 |
| Source | Uk |
| 020 ## - INTERNATIONAL STANDARD BOOK NUMBER | |
| International Standard Book Number | 9780415549745 (hc : alk. paper) |
| 020 ## - INTERNATIONAL STANDARD BOOK NUMBER | |
| International Standard Book Number | 0415549744 |
| 035 ## - SYSTEM CONTROL NUMBER | |
| System control number | (OCoLC)ocn427438296 |
| 038 ## - RECORD CONTENT LICENSOR | |
| Staff Name | MSOHAIL |
| 040 ## - CATALOGING SOURCE | |
| Original cataloging agency | DLC |
| Transcribing agency | DLC |
| Modifying agency | BWKUK |
| -- | UKM |
| -- | UWW |
| -- | DLC |
| 042 ## - AUTHENTICATION CODE | |
| Authentication code | pcc |
| 050 00 - LIBRARY OF CONGRESS CALL NUMBER | |
| Classification number | TC175 |
| Item number | .P73 2010 |
| 082 00 - DEWEY DECIMAL CLASSIFICATION NUMBER | |
| Classification number | 627.042 |
| Edition number | 22 |
| 245 00 - TITLE STATEMENT | |
| Title | Practical channel hydraulics : |
| Remainder of title | roughness, conveyance and afflux / |
| Statement of responsibility, etc. | Donald W. Knight ... [et al.]. |
| 260 ## - PUBLICATION, DISTRIBUTION, ETC. | |
| Place of publication, distribution, etc. | Boca Raton [Fla.] ; |
| -- | London : |
| Name of publisher, distributor, etc. | CRC Press, |
| Date of publication, distribution, etc. | c2010. |
| 300 ## - PHYSICAL DESCRIPTION | |
| Extent | xxvi, 354 p. : |
| Other physical details | col. ill., maps ; |
| Dimensions | 25 cm. |
| 500 ## - GENERAL NOTE | |
| General note | "A Balkema book." |
| 504 ## - BIBLIOGRAPHY, ETC. NOTE | |
| Bibliography, etc. note | Includes bibliographical references and indexes. |
| 505 0# - FORMATTED CONTENTS NOTE | |
| Formatted contents note | 1. Introduction -- 2. Practical and theoretical issues in channel hydraulics -- 3. Understanding roughness, conveyance and afflux -- 4. Practical issues - roughness, conveyance and afflux -- 5. Further issues on flows in rivers -- 6. Concluding remarks -- App. 1. finite element approximations for the CES equations -- App. 2. Summary of hydraulic equations used in the AES -- App. 3. Cross-section survey data. |
| 650 #0 - SUBJECT ADDED ENTRY--TOPICAL TERM | |
| Topical term or geographic name entry element | Channels (Hydraulic engineering) |
| 9 (RLIN) | 561 |
| 700 1# - ADDED ENTRY--PERSONAL NAME | |
| Personal name | Knight, Donald W. |
| 9 (RLIN) | 24687 |
| 906 ## - LOCAL DATA ELEMENT F, LDF (RLIN) | |
| a | 7 |
| b | cbc |
| c | orignew |
| d | 1 |
| e | ecip |
| f | 20 |
| g | y-gencatlg |
| 942 ## - ADDED ENTRY ELEMENTS (KOHA) | |
| Source of classification or shelving scheme | |
| Koha item type | Book |
| Withdrawn status | Lost status | Source of classification or shelving scheme | Damaged status | Not for loan | Permanent Location | Current Location | Date acquired | Total Checkouts | Full call number | Barcode | Checked out | Date last seen | Date last checked out | Price effective from | Koha item type |
|---|---|---|---|---|---|---|---|---|---|---|---|---|---|---|---|
| School of Civil and Environmental Engineering (SCEE) | School of Civil and Environmental Engineering (SCEE) | 10/24/2019 | 1 | 627.042 | NIT-11651 | 02/25/2026 | 10/28/2025 | 10/28/2025 | 10/24/2019 | Book |
